000 00325nam a22001337a 4500
008 171226b xxu||||| |||| 00| 0 eng d
020 _a9780838514474
041 _aeng
080 _a618
100 _a10
101 _aGJI
245 _aCurrent Obstetric & Gynecologic Diagnosis & Treatment
_cPernoll, M.L
942 _2udc
_cBK
999 _c39387
_d39387